000 00358 a2200133 4500
001 85382
020 _a9781932099249
082 _a297.4 GUL
090 _c40109
_d40108
100 _aM. Fethullah Gulen
245 _aEmerald Hills of the Heart : Key Concepts in the Practice of Sufism Vol-1
260 _aNew Jersy
_bTughra Books
_c2011
300 _axi188
942 _acae nust
_k297.4 GUL
999 _c320455
_d320455